000 00830nam a2200253Ia 4500
003 OSt
005 20220923215142.0
006 a|||||r|||| 00| 0
007 ta
008 220922b |||||||| |||| 00| 0 hin d
024 _a176,011
037 _cTextual
040 _aARTS
_cARTS
_bhin
041 _2hin
_ahin
082 _aO152,6N141x, L0
100 _aस्नातक, विजयेन्द्र
245 0 _aविचार के क्षण
246 _aVichār ke kṣhaṇa
260 _aदिल्ली
_b नेशनल पब्ल्0ि हाउस
_c1970
300 _a263 पृ.
_ccm.
650 _aहिन्दी साहित्य
_9156264
942 _hO152,6N141x, L0
_cTEXL
_2CC
999 _c329687
_d329687